Most expensive football transfers by position - Statistics

General Stats
  • This quiz has been taken 32 times
    17 since last reset
  • The average score is 52 of 100
Answer Stats
Hint Nation Fee Answer % Correct
Goalkeeper Brazil 72.5M€ Alisson
93%
Goalkeeper Spain 80M€ Kepa Arrizabalaga
93%
Centre-Forward Portugal 117M€ Cristiano Ronaldo
86%
Central Midfield England 116.6M€ Declan Rice
86%
Left Winger Belgium 120.8M€ Eden Hazard
86%
Central Midfield Argentina 121M€ Enzo Fernández
86%
Left Winger England 117.5M€ Jack Grealish
86%
Centre-Forward Belgium 113M€ Romelu Lukaku
86%
Goalkeeper Belgium 35M€ Thibaut Courtois
86%
Right-Back Morocco 68M€ Achraf Hakimi
79%
Attacking Midfield Germany 125M€ Florian Wirtz
79%
Central Midfield Netherlands 86M€ Frenkie de Jong
79%
Goalkeeper Italy 52.88M€ Gianluigi Buffon
79%
Left-Back Croatia 90M€ Josko Gvardiol
79%
Attacking Midfield England 127M€ Jude Bellingham
79%
Attacking Midfield Belgium 76M€ Kevin De Bruyne
79%
Centre-Forward France 180M€ Kylian Mbappé
79%
Centre-Back Netherlands 85.5M€ Matthjis De Ligt
79%
Defensive Midfield Ecuador 116M€ Moisés Caicedo
79%
Left Winger Ukraine 70M€ Mykhalo Mudryk
79%
Left Winger Brazil 222M€ Neymar
79%
Right Winger France 148M€ Ousmane Dembélé
79%
Defensive Midfield Belgium 59.35M€ Amadou Onana
71%
Goalkeeper Cameroon 50.2M€ André Onana
71%
Centre-Forward France 120M€ Antoine Griezmann
71%
Goalkeeper Spain 31.9M€ David Raya
71%
Right Winger Wales 101M€ Gareth Bale
71%
Centre-Forward England 95M€ Harry Kane
71%
Centre-Back England 87M€ Harry Maguire
71%
Centre-Forward Portugal 127.2M€ João Félix
71%
Left Winger Georgia 70M€ Khvicha Kvaratskhelia
71%
Left-Back Spain 65.3M€ Marc Cucurella
71%
Attacking Midfield Brazil 135M€ Philippe Coutinho
71%
Centre-Forward France 95M€ Randal Kolo Muani
71%
Centre-Back Netherlands 84.65M€ Virgil Van Dijk
71%
Attacking Midfield France 77.5M€ Zinédine Zidane
71%
Right Winger United States 64M€ Christian Pulisic
64%
Goalkeeper Brazil 40M€ Ederson
64%
Left Winger Colombia 70M€ Luis Díaz
64%
Centre-Back Portugal 71.6M€ Rúben Dias
64%
Defensive Midfield France 80M€ Aurélien Tchouameni
57%
Right-Back England 58.5M€ Ben White
57%
Centre-Forward Uruguay 85M€ Darwin Núñez
57%
Attacking Midfield Hungary 70M€ Dominik Szoboszlai
57%
Centre-Forward France 95M€ Hugo Ekitiké
57%
Left Winger England 85M€ Jadon Sancho
57%
Central Midfield Portugal 59.92M€ João Neves
57%
Defensive Midfield Spain 70M€ Rodri
57%
Right Winger Argentina 75M€ Ángel Di María
50%
Centre-Forward Argentina 90M€ Gonzalo Higuaín
50%
Right-Back England 52.7M€ Kyle Walker
50%
Right Winger Ivory Coast 80M€ Nicolas Pépé
50%
Central Midfield France 105M€ Paul Pogba
50%
Right Winger Brazil 95M€ Antony
43%
Attacking Midfield Colombia 75M€ James Rodríguez
43%
Goalkeeper England 31.2M€ James Trafford
43%
Left Winger Belgium 60M€ Jérémy Doku
43%
Right-Back Portugal 65M€ João Cancelo
43%
Left-Back France 80M€ Lucas Hernández
43%
Defensive Midfield Uruguay 60M€ Manuel Ugarte
43%
Central Midfield Bosnia and Herzegovina 60M€ Miralem Pjanić
43%
Central Midfield Guinea 60M€ Naby Keïta
43%
Right Winger England 63.7M€ Raheem Sterling
43%
Right Winger Algeria 67.8M€ Riyad Mahrez
43%
Left-Back France 57.5M€ Benjamin Mendy
36%
Defensive Midfield Brazil 70.65M€ Casemiro
36%
Left-Back France 48M€ Ferland Mendy
36%
Left Winger England 56M€ Jamie Gittens
36%
Defensive Midfield Italy 57M€ Jorginho
36%
Right-Back Netherlands 40M€ Jurrien Timber
36%
Centre-Back France 62M€ Leny Yoro
36%
Centre-Back Argentina 57.37M€ Lisandro Martínez
36%
Defensive Midfield Spain 70M€ Martín Zubimendi
36%
Left-Back Hungary 46.9M€ Milos Kerkez
36%
Right-Back England 55M€ Aaron Wan-Bissaka
29%
Defensive Midfield Brazil 80.6M€ Arthur
29%
Centre-Back Spain 65M€ Aymeric Laporte
29%
Right Winger Cameroon 75M€ Bryan Mbeumo
29%
Centre-Back Spain 62.5M€ Dean Huijsen
29%
Centre-Back Ukraine 63M€ Ilya Zabarnyi
29%
Goalkeeper Netherlands 35M€ Jasper Cillessen
29%
Right-Back Netherlands 40M€ Jeremie Frimpong
29%
Attacking Midfield Brazil 67M€ Kaká
29%
Right-Back Spain 40M€ Pedro Porro
29%
Left Winger Brazil 58M€ Raphinha
29%
Defensive Midfield Belgium 62.1M€ Roméo Lavia
29%
Centre-Back France 80.4M€ Wesley Fofana
29%
Left-Back England 50.2M€ Ben Chilwell
21%
Right-Back France 50M€ Jules Koundé
21%
Attacking Midfield England 67.7M€ Mason Mount
21%
Right Winger Ghana 63.8M€ Mohammed Kudus
21%
Left-Back Italy 45M€ Riccardo Calafiori
21%
Left-Back Spain 50M€ Álvaro Carreras
14%
Left-Back Netherlands 44.5M€ Ian Maatsen
14%
Goalkeeper France 40M€ Lucas Chevalier
14%
Central Midfield Portugal 62M€ Matheus Nunes
14%
Central Midfield Spain 60M€ Nico González
14%
Central Midfield France 62M€ Tanguy Ndombélé
14%
Attacking Midfield France 72M€ Thomas Lemar
14%
Right-Back England 37.2M€ Tino Livramento
14%
No matching quizzes found
Score Distribution
Percent of People with Each Score
Percentile by Number Answered
Your Score History
You have not taken this quiz since the last reset